यात्रिक धवलगिरी (आण्णांSो संक्षिप्त Sारित्र) (Record no. 282676)

MARC details
000 -LEADER
fixed length control field 00788nam a2200169Ia 4500
008 - FIXED-LENGTH DATA ELEMENTS--GENERAL INFORMATION
fixed length control field 090711s9999 xx 000 0 und d
082 ## - DEWEY DECIMAL CLASSIFICATION NUMBER
Item number 66309
100 ## - MAIN ENTRY--PERSONAL NAME
Personal name शिरगांवकर कुंदा अ.
245 ## - TITLE STATEMENT
Title यात्रिक धवलगिरी (आण्णांSो संक्षिप्त Sारित्र)
260 ## - PUBLICATION, DISTRIBUTION, ETC. (IMPRINT)
Date of publication, distribution, etc 1987
300 ## - PHYSICAL DESCRIPTION
Extent 107
600 ## - SUBJECT ADDED ENTRY--PERSONAL NAME
Personal name शिरगांवकर कुंदा अ.
630 ## - SUBJECT ADDED ENTRY--UNIFORM TITLE
Uniform title यात्रिक धवलगिरी (आण्णांSो संक्षिप्त Sारित्र)
700 ## - ADDED ENTRY--PERSONAL NAME
Personal name शिरगांवकर कुंदा अ.
730 ## - ADDED ENTRY--UNIFORM TITLE
Uniform title यात्रिक धवलगिरी (आण्णांSो संक्षिप्त Sारित्र)
942 ## - ADDED ENTRY ELEMENTS (KOHA)
Koha item type Book
Holdings
Withdrawn status Lost status Damaged status Not for loan Home library Current library Date acquired Cost, normal purchase price Total Checkouts Full call number Barcode Date last seen Cost, replacement price Price effective from Koha item type
        Dadar Sarvajanik Vachanalaya, Dardar Dadar Sarvajanik Vachanalaya, Dardar 07/11/2009 15.00   66309 DASAVA-66309 07/11/2009 15.00 07/11/2009 Book